000
002800000a22001090004500
100
1
_a
Hupp, David M.
245
1
0
_a
Mission perspective of a tentmaking agency
300
_a
Vol. 14, Núm 13 (1997), Páginas 145-148
700
1
_a
Martin, Danny D.
773
0
_t
Evangel
942
_c
ANA
999
_c
54165
_d
54165